| 000 | 00000nam 2200000zi 4500 |
| 001 | 9.921933 |
| 003 | CaOODSP |
| 005 | 20240208150359 |
| 006 | m o d f |
| 007 | cr mn||||||||| |
| 008 | 230425t20222022oncbdo ob f000 0 fre d |
| 020 | |a9780660484808 |
| 040 | |aCaOODSP|bfre|erda|cCaOODSP |
| 043 | |an-cn-ab|an-cn-sn |
| 086 | 1 |aCW69-14/312-2023F-PDF |
| 245 | 00|aÉvaluation et rapport de situation du COSEPAC sur l'abronie à petites fleurs, Tripterocalyx micranthus, au Canada. |
| 264 | 1|aOttawa (Ontario) : |bComité sur la situation des espèces en péril au Canada = Committee on the Status of Endangered Wildlife in Canada, |c2022. |
| 264 | 4|c©2022 |
| 300 | |a1 ressource en ligne (xiii, 50 pages) : |bphotographies en couleur, cartes, graphique |
| 336 | |atexte|btxt|2rdacontent/fre |
| 337 | |ainformatique|bc|2rdamedia/fre |
| 338 | |aressource en ligne|bcr|2rdacarrier/fre |
| 500 | |aPublié aussi en anglais sous le titre : COSEWIC assessment and status report on the small-flowered sand-verbena, Tripterocalyx micranthus, in Canada. |
| 500 | |a« Préoccupante 2022. » |
| 504 | |aComprend des références bibliographiques (pages 34-41). |
| 650 | 0|aVerbénacées|zAlberta. |
| 650 | 6|aVerbénacées|zSaskatchewan. |
| 650 | 6|aPlantes en voie de disparition|zAlberta. |
| 650 | 6|aPlantes en voie de disparition|zSaskatchewan. |
| 710 | 2 |aComité sur la situation des espèces en péril au Canada, |eorganisme de publication. |
| 775 | 08|tCOSEWIC assessment and status report on the small-flowered sand-verbena, Tripterocalyx micranthus, in Canada.|w(CaOODSP)9.921931 |
| 795 | |tMise à jour, évaluation et rapport de situation du COSEPAC sur l'abronie à petites fleurs, Tripterocalyx micranthus, au Canada |w(CaOODSP)9.591326 |
| 856 | 40|qPDF|s1.85 Mo|uhttps://publications.gc.ca/collections/collection_2024/eccc/cw69/CW69-14-312-2023-fra.pdf |